Theory of structures with matrix notation / (Record no. 546240)

000 -LEADER
fixed length control field 00530cam a2200169 i 4500
020 ## - INTERNATIONAL STANDARD BOOK NUMBER
International Standard Book Number 0408003030 :
082 00 - DEWEY DECIMAL CLASSIFICATION NUMBER
Classification number 624.1
Author Mark MAJ
-- L-20, P-132
100 1# - MAIN ENTRY--PERSONAL NAME
Personal name Majid, K. I.
9 (RLIN) 42329
245 10 - TITLE STATEMENT
Title Theory of structures with matrix notation /
Statement of responsibility, etc. K. I. Majid.
260 ## - PUBLICATION, DISTRIBUTION, ETC.
Place of publication, distribution, etc. London ;
-- Boston :
Name of publisher, distributor, etc. Newnes-Butterworths,
Date of publication, distribution, etc. 1978.
300 ## - PHYSICAL DESCRIPTION
Extent ix, 356 p. :
Other physical details ill. ;
Dimensions 24 cm.
500 ## - GENERAL NOTE
General note Includes index.
526 ## - STUDY PROGRAM INFORMATION NOTE
Program name 0
Interest level 0
Reading level 0
Title point value 624_100000000000000_MAJ
650 #0 - SUBJECT ADDED ENTRY--TOPICAL TERM
Topical term or geographic name entry element MCE
9 (RLIN) 379
650 #0 - SUBJECT ADDED ENTRY--TOPICAL TERM
Topical term or geographic name entry element Structural analysis (Engineering)
9 (RLIN) 654
942 ## - ADDED ENTRY ELEMENTS (KOHA)
Source of classification or shelving scheme
Koha item type Book
Holdings
Withdrawn status Lost status Source of classification or shelving scheme Damaged status Not for loan Permanent Location Current Location Date acquired Total Checkouts Total Renewals Full call number Barcode Date last seen Date last checked out Price effective from Koha item type
          Military College of Engineering (MCE) Military College of Engineering (MCE) 06/05/2014 1 1 624.1 MAJ MCE-24345 05/08/2019 03/08/2019 06/05/2014 Book
© 2023 Central Library, National University of Sciences and Technology. All Rights Reserved.